| 000 | 00995nam a22002417a 4500 | ||
|---|---|---|---|
| 999 |
_c12788 _d12788 |
||
| 005 | 20251125232837.0 | ||
| 008 | s2546 th tha d | ||
| 020 | _a9749531353 | ||
| 040 | _aNALT | ||
| 041 | _atha | ||
| 050 |
_aDS578.32 _bท338ค 2546 ล.3 |
||
| 100 | 0 | _aสุภวรรณ รจนาปกรณ์ | |
| 245 | 1 | 0 | _aคมความคิด ทักษิณ ชินวัตร เล่ม 3 |
| 260 | 3 |
_aกรุงเทพฯ : _bวรรณสาส์น, _c2546 |
|
| 300 |
_a286 หน้า : _bภาพประกอบ ; _c 21 ซม. |
||
| 650 | 0 | 4 | _aรัฐบาล (พ.ต.ท.ทักษิณ ชินวัตร) -- ผลงาน |
| 650 | 0 | 4 | _aทักษิณ ชินวัตร -- แนวคิด |
| 650 | 0 | 4 | _aไทย -- ภาวะสังคม -- นโยบายของรัฐ |
| 850 | _aNALT | ||
| 856 | 4 | 0 |
_uhttps://hdl.handle.net/20.500.14156/386506 _71 |
| 942 |
_cGB _2lcc |
||